|
|
|
|
| LEADER |
00756nam a22002292a 4500 |
| 001 |
000575153 |
| 003 |
CZ BrMZK |
| 005 |
20220228101101.0 |
| 007 |
ta |
| 008 |
010825s1947 xr f cze d |
| 015 |
|
|
|a cnb000710714
|
| 035 |
|
|
|a (OCoLC)7622587
|
| 040 |
|
|
|a BOA001
|b cze
|
| 100 |
1 |
|
|a Krahulík, Ivan,
|d 1881-1966
|7 jk01062711
|
| 245 |
1 |
0 |
|a Komu pochodeň? :
|b kronika života kronikářova /
|c Ivan Krahulík
|
| 250 |
|
|
|a 3. vyd.
|
| 260 |
|
|
|a Praha :
|b Melantrich,
|c 1947
|
| 300 |
|
|
|a 244, 2 s.
|
| 910 |
|
|
|a BOA001
|b 1-0202.621
|
| 990 |
|
|
|a BK
|
| 996 |
6 |
|
|b 2619505984
|c 1-0202.621
|l MZK
|r Sklad / do 1 hodiny
|n 2
|w 000575153
|u 000020
|a 1
|e BOA001
|j MZK50
|s P
|
| 996 |
7 |
|
|b 2619706464
|c 1-0202.621
|l MZK
|r Sklad / do 1 hodiny
|n 5
|w 000575153
|u 000010
|a 1
|e BOA001
|j MZK50
|s A
|